000 00648nam a22002057a 4500
003 UA-OsUOA
001 54500
007 ta
008 20180312b un ||||| |||| 00| 0 ukr d
090 _a94(477).06.
_bУ45
942 _cBR
040 _aUA-OsUOA
_bukr
_cUA-OsUOA
_dUA-OsUOA
245 _aУкраїнська дипломатія 1917-1924 рр.: зародження національних традицій
_bВиставка архівних документів
955 _a1
041 _aukr
080 _a94(477).06.
260 _aК.
_c2017
650 7 _a9 Географія. Біографії. Історія
_2UDC
999 _c434616
_d434616